000 00350nam a2200133Ia 4500
005 20260328101459.0
008 260328s9999||||xx |||||||||||||| ||und||
100 _aBoesiger, Willy
245 0 _aLe Corbusier :
_b Obra completa - Vol. 4 (1938-1946) /
_cWilly Boesiger
260 _bGirsberger
300 _a207 p.
650 _aARQUITECTOS
942 _cBK
999 _c8908
_d8908